| 000 | 01132nam a2200325Ia 4500 | ||
|---|---|---|---|
| 003 | OSt | ||
| 005 | 20221007121939.0 | ||
| 006 | a|||||r|||| 00| 0 | ||
| 007 | ta | ||
| 008 | 221006b |||||||| |||| 00| 0 eng d | ||
| 020 |
_a817319565X (hbd) _c550.00 |
||
| 024 | _a12931 | ||
| 037 |
_b288, 27/10/2004, Vardhman Books _cTextual |
||
| 040 |
_aBDL _cBDL _beng |
||
| 041 |
_2eng _aeng |
||
| 082 | _aI:6:(U67), P4 Carb | ||
| 100 |
_aDhillon B S Ed. _9448135 |
||
| 245 | 0 |
_aPlant genetic resources:oilseed and cash crop _b Tyagi R K Ed. Saxena S Ed. Agarwal A Ed. |
|
| 260 |
_aNew _bDelhi Narosa Publishing House _c2004 |
||
| 300 |
_axii, 215p. _ccm. |
||
| 500 | _aIncludes bibliographical references; Index 213-215p. | ||
| 650 |
_a Genetic _9710239 |
||
| 650 |
_a Plant genetics _9421327 |
||
| 650 | _aBotany | ||
| 700 |
_a Agarwal A Ed. _9693567 |
||
| 700 |
_a Saxena S Ed. _9713180 |
||
| 700 |
_a Tyagi R K Ed. _9713181 |
||
| 942 |
_hI:6:(U67), P4 Carb _cTEXL _2CC |
||
| 999 |
_c1209580 _d1209580 |
||